Data and computer communications (Record no. 2467)

000 -LEADER
fixed length control field 00563nam a2200217 a 4500
001 - CONTROL NUMBER
control field 2467
003 - CONTROL NUMBER IDENTIFIER
control field BD-DhUET
008 - FIXED-LENGTH DATA ELEMENTS--GENERAL INFORMATION
fixed length control field 030416s2004 njua b 001 0 eng
020 ## - INTERNATIONAL STANDARD BOOK NUMBER
International Standard Book Number 8120323556
040 ## - CATALOGING SOURCE
Original cataloging agency DLC
Transcribing agency DLC
Modifying agency BD-DhUET
082 00 - DEWEY DECIMAL CLASSIFICATION NUMBER
Classification number 004.6
Item number STA/2004
100 ## - MAIN ENTRY--PERSONAL NAME
Personal name Stallings, William
245 10 - TITLE STATEMENT
Title Data and computer communications
250 ## - EDITION STATEMENT
Edition statement 7th ed.
260 ## - PUBLICATION, DISTRIBUTION, ETC. (IMPRINT)
Place of publication, distribution, etc. New Delhi
Name of publisher, distributor, etc. Pearson Education
Date of publication, distribution, etc. 2004
300 ## - PHYSICAL DESCRIPTION
Extent xvi, 847 p.
504 ## - BIBLIOGRAPHY, ETC. NOTE
Bibliography, etc Includes bibliographies
650 #0 - SUBJECT ADDED ENTRY--TOPICAL TERM
Topical term or geographic name as entry element Data transmission systems
650 #0 - SUBJECT ADDED ENTRY--TOPICAL TERM
Topical term or geographic name as entry element Computer networks
942 ## - ADDED ENTRY ELEMENTS (KOHA)
Koha item type General Book
Holdings
Copy number Koha item type Lost status Source of classification or shelving scheme Koha full call number Piece designation (barcode) Date acquired Not for loan Withdrawn status Price effective from Koha date last seen Koha normalized classification for sorting Shelving location Koha issues (times borrowed) Sublocation or collection (holding branch) Location (home branch) Damaged status Koha date last borrowed
1General Book  004.6/STA/2004997272014-09-23  2014-09-232024-02-20004_000000000000000_6STA2004Circulation section1Central Library, BUETCentral Library, BUET 2023-03-07
2General Book  004.6/STA/20041018042014-09-23  2014-09-232014-09-23004_000000000000000_6STA2004Circulation section Central Library, BUETCentral Library, BUET  
3General Book  004.6/STA/20041018032006-06-10  2017-03-132017-03-13004_600000000000000_STA_2004Circulation section Central Library, BUETCentral Library, BUET